zpět

Detail výsledku týmu

Bar U Souseda, Plzeň

Datum a čas kvízu

23.5 Celkem bodů Celkový počet nahraných bodů na tomto kvízu bez doplňovacích otázek.
9. Pořadí na kvízu Konečné umístění týmu na tomto kvízu.

Zaznamenané odpovědi

# Otázka Odpověď Body Výsledky
1. Prvním jménem na českém vnitro... Kirill 0
2. Prezident jisté asijské země b... Jižní Korea 1
3. V pondělí začal v New Yorku pr... Ed Sheeran 1
4. V úterý byl uskutečněn první p... z Japonska 1
5. Která stáj ovládla víkendovou... Red Bull 1
6. Pojďme zavzpomínat na filmy a... Malé ženy 1
7. Poslední díl seriálu Přátelé b... Kde? 0
8. Tato smutná scéna z Nekonečnéh... Átrej (Atrey, Atreyu) 0
9. Ze kterého stále ještě vysílan... Doctor Who (Pán času) 1
10. Film Želary se do tohoto témat... Květa Legátová (vl. jm. Věra Hofmanová); Joza (Josef) 0